| 000 | 01132cam a2200289 a 4500 | ||
|---|---|---|---|
| 020 | _a9280725971 | ||
| 020 | _a9291150932 | ||
| 040 | _cDLC | ||
| 082 | _aUNE BIK 2005 C279 Or. | ||
| 245 | 0 | 0 |
_aWomen, energy and water in the Himalayas : _bintegration of women in planning and management, policy guidelines / |
| 260 |
_aNairobi, Kenya : _bUnited Nations Environment Programme (UNEP) ; _aKathmandu, Nepal : _bInternational Centre for Integrated Mountain Development, _cc2005. |
||
| 300 |
_a64 p. ; _c25 cm. |
||
| 500 | _a"Job no. DEP/0696/NA." | ||
| 500 | _a"Sida"--Cover. | ||
| 520 | _aOutcome of a project implemented by International Centre for Integrated Mountain Development and United Nations Environment Programme. | ||
| 650 | 0 | _aWomen in development | |
| 650 | 0 | _aWomen | |
| 650 | 0 | _aWater resources development | |
| 650 | 0 | _aEnergy conservation | |
| 650 | 0 | _aEnergy policy | |
| 700 | 1 | _aSharma, Bikash. | |
| 700 | 1 | _aBanskota, Kamal. | |
| 700 | 1 | _aLuitel, Samira. | |
| 710 | 2 | _aUnited Nations Environment Programme. | |
| 710 | 2 | _aInternational Centre for Integrated Mountain Development. | |
| 942 | _cAEDBB | ||
| 999 |
_c21298 _d21298 |
||